000 00868nam a2200289Ia 4500
001 Para_7880
003 CHAP
008 220125s1913 xx 000 0 und d
010 _a206829
040 _cCHAP
082 _aPA-C 595.75 H4
100 _aHartzell, F. Z.
_952973
245 _aThe grape leaf hopper /
_c by F. Z. Hartzell
260 _aGenneva, N. Y. :
_b Agricultural Experiment Station, 1913
300 _a31-51 p.
440 _aHemiptera ; 7
_9173136
500 _aEncuadernado con otros impresos similares
650 _a
_x Hemípteros
_x colecciones de escritos /
_x Leafhoppers
_9173149
710 _aNew York. Agr. Exp. Sta. Bull.; 359
_9173150
901 _aPA-C 595.75 H4
902 _aA
905 _a0000001913 0000000000 00
910 _a1913
942 _cPARA
942 _cPARA
_d1
999 _c206829
_d206829